[Event "Cesenatico op 22nd"]
[Site "Cesenatico"]
[Date "2018.09.01"]
[Round "1"]
[White "Gerhard, Walter"]
[Black "Genocchio, Daniele"]
[Result "1/2-1/2"]
[WhiteElo "2001"]
[BlackElo "2373"]
[PlyCount "114"]
[EventDate "2018.09.01"]
[EventType "swiss"]
[EventRounds "9"]
[EventCountry "ITA"]
[SourceTitle "CBM 186 Extra"]
[Source "ChessBase"]
[SourceDate "2018.08.24"]
[SourceVersion "1"]
[SourceVersionDate "2018.08.24"]
[SourceQuality "1"]

1. e4 c5 2. Nf3 Nc6 3. Nc3 e6 4. g3 Be7 5. Bg2 Bf6 6. 0-0 d6 7. d3 Nge7 8. Bg5 Bxg5 9. Nxg5 h6 10. Nf3 e5 11. Nd2 0-0 12. Nc4 Be6 13. Qd2 Rb8 14. a4 a6 15. Ne3 b5 16. axb5 axb5 17. f4 exf4 18. gxf4 f5 19. exf5 Bd7 20. f6 Rxf6 21. Ne4 Rf8 22. Nxd6 Qc7 23. Ne4 Nd4 24. f5 Ndxf5 25. Nxf5 Nxf5 26. Nc3 Qd6 27. Kh1 Rbe8 28. Ne4 Qe5 29. Qc3 Bc6 30. Qxe5 Rxe5 31. Kg1 Ne3 32. Rxf8+ Kxf8 33. Ra6 Bxe4 34. Bxe4 Nxc2 35. Kf2 Ke7 36. Rg6 Kf7 37. Rb6 Nd4 38. h4 Ke7 39. Rb7+ Kf6 40. Rb6+ Re6 41. Rb7 Re7 42. Rb6+ Ke5 43. h5 Ra7 44. Rb8 Ra2 45. Ke3 Rxb2 46. Re8+ Kf6 47. Kf4 Ne6+ 48. Ke3 b4 49. Bg6 Nd4 50. Rf8+ Ke6 51. Re8+ Kd6 52. Kf4 b3 53. Rd8+ Kc7 54. Rg8 Rf2+ 55. Ke5 Nc6+ 56. Ke4 b2 57. Rxg7+ Kb6 1/2-1/2

[Event "Wch Seniors 65 26th"]
[Site "Marianske Lazne"]
[Date "2016.11.24"]
[Round "6"]
[White "Sejkora, Vlastimil"]
[Black "Gerhard, Walter"]
[Result "1-0"]
[WhiteElo "2195"]
[BlackElo "2014"]
[PlyCount "101"]
[EventDate "2016.11.19"]
[EventType "swiss"]
[EventRounds "11"]
[EventCountry "CZE"]
[SourceTitle "CBM 175 Extra"]
[Source "ChessBase"]
[SourceDate "2016.12.12"]
[SourceVersion "1"]
[SourceVersionDate "2016.12.12"]
[SourceQuality "1"]

1. e4 e6 2. d4 d5 3. Nd2 Nf6 4. e5 Nfd7 5. Bd3 c5 6. c3 Nc6 7. Ne2 cxd4 8. cxd4 Qb6 9. 0-0 Nxd4 10. Nxd4 Qxd4 11. Nf3 Qb6 12. Qa4 Be7 13. Be3 Bc5 14. Bd2 Qd8 15. Qg4 g6 16. Bb5 a6 17. Bxd7+ Bxd7 18. Rac1 Rc8 19. h4 h5 20. Qg3 Kf8 21. Bg5 Be7 22. Qf4 Bxg5 23. Nxg5 Qe7 24. Rxc8+ Bxc8 25. Rc1 Kg7 26. Qxf7+ Qxf7 27. Nxf7 Kxf7 28. Rc7+ Kg8 29. Rxc8+ Kg7 30. Rc7+ Kh6 31. Rxb7 g5 32. Rf7 gxh4 33. Rf6+ Kg5 34. b4 Rb8 35. a3 a5 36. Kh2 h3 37. Kxh3 h4 38. f4+ Kh5 39. bxa5 Rb3+ 40. Kh2 Rxa3 41. Rxe6 Rxa5 42. f5 d4 43. f6 Kg6 44. Re7 d3 45. f7 Kg7 46. e6 d2 47. Re8 Rf5 48. Rg8+ Kh7 49. Rd8 Kg7 50. e7 d1Q 51. f8Q+ 1-0

[Event "Wch Seniors 65 26th"]
[Site "Marianske Lazne"]
[Date "2016.11.20"]
[Round "2"]
[White "Zak, Jiri"]
[Black "Gerhard, Walter"]
[Result "0-1"]
[WhiteElo "1628"]
[BlackElo "2014"]
[PlyCount "56"]
[EventDate "2016.11.19"]
[EventType "swiss"]
[EventRounds "11"]
[EventCountry "CZE"]
[SourceTitle "CBM 175 Extra"]
[Source "ChessBase"]
[SourceDate "2016.12.12"]
[SourceVersion "1"]
[SourceVersionDate "2016.12.12"]
[SourceQuality "1"]

1. d4 d5 2. c4 c6 3. Nf3 Nf6 4. e3 e6 5. Nc3 Nbd7 6. Bd3 dxc4 7. Bxc4 b5 8. Bb3 b4 9. Ne2 Be7 10. 0-0 0-0 11. Bd2 c5 12. Rc1 Qb6 13. Re1 Bb7 14. dxc5 Nxc5 15. Ned4 Nd3 16. Rc2 Nxe1 17. Bxe1 Rfd8 18. Ne5 Bd5 19. Bxd5 Rxd5 20. Nc4 Qa6 21. b3 e5 22. Nxe5 Rxe5 23. Nc6 Re6 24. Nxe7+ Rxe7 25. Bxb4 Rd7 26. Qc1 Rad8 27. Rd2 Rxd2 28. Bxd2 Qe2 0-1

[Event "Wch Seniors 65 26th"]
[Site "Marianske Lazne"]
[Date "2016.11.19"]
[Round "1"]
[White "Gerhard, Walter"]
[Black "Hartlaub, Marianne"]
[Result "1/2-1/2"]
[WhiteElo "2014"]
[BlackElo "1558"]
[PlyCount "69"]
[EventDate "2016.11.19"]
[EventType "swiss"]
[EventRounds "11"]
[EventCountry "CZE"]
[SourceTitle "CBM 175 Extra"]
[Source "ChessBase"]
[SourceDate "2016.12.12"]
[SourceVersion "1"]
[SourceVersionDate "2016.12.12"]
[SourceQuality "1"]

1. d4 d6 2. Nf3 Nf6 3. c4 c6 4. Nc3 Bg4 5. e4 Nbd7 6. Be2 e6 7. 0-0 Be7 8. Be3 0-0 9. Qc2 Qc7 10. Rac1 a6 11. a4 h6 12. h3 Bxf3 13. Bxf3 e5 14. dxe5 dxe5 15. Rfd1 Rad8 16. Ne2 Bc5 17. Qc3 Bxe3 18. Qxe3 Qa5 19. Qc3 Qc5 20. b4 Qe7 21. c5 Nh7 22. Ng3 g6 23. Qb3 Ng5 24. Bg4 h5 25. Bxd7 Rxd7 26. Rxd7 Qxd7 27. Rd1 Qe7 28. Qd3 Ne6 29. Ne2 Rd8 30. Qc2 Nd4 31. Nxd4 exd4 32. f3 Qe5 33. Rd3 Kg7 34. Qd2 Rd7 35. Qf2 1/2-1/2

[Event "Bodensee Seniors op 2nd"]
[Site "Bregenz"]
[Date "2016.05.07"]
[Round "8"]
[White "Gerhard, Walter"]
[Black "Dobosz, Henryk"]
[Result "0-1"]
[WhiteElo "1974"]
[BlackElo "2394"]
[PlyCount "60"]
[EventDate "2016.04.30"]
[EventType "swiss"]
[EventRounds "9"]
[EventCountry "AUT"]
[SourceTitle "CBM 172 Extra"]
[Source "ChessBase"]
[SourceDate "2016.06.21"]
[SourceVersion "1"]
[SourceVersionDate "2016.06.21"]
[SourceQuality "1"]

1. b4 e5 2. Bb2 Bxb4 3. Bxe5 Nf6 4. e3 0-0 5. Nf3 Re8 6. Be2 d5 7. 0-0 c5 8. a3 Ba5 9. c4 d4 10. exd4 Nc6 11. Bxf6 Qxf6 12. Nc3 cxd4 13. Nd5 Qd6 14. Bd3 Bg4 15. Bxh7+ Kh8 16. Ng5 Bxd1 17. Nxf7+ Kxh7 18. Nxd6 Be2 19. Nxe8 Rxe8 20. Rfb1 Bxc4 21. Nf4 Bxd2 22. Nh5 Re5 23. g4 Bc3 24. f4 Re7 25. Ng3 d3 26. Nf5 Bxa1 27. Rxa1 Re2 28. Ng3 d2 29. Nxe2 Bxe2 30. Kf2 Bxg4 0-1

[Event "Bodensee Seniors op 2nd"]
[Site "Bregenz"]
[Date "2016.05.04"]
[Round "5"]
[White "Agafonov, Yuri"]
[Black "Gerhard, Walter"]
[Result "1/2-1/2"]
[WhiteElo "2170"]
[BlackElo "1974"]
[PlyCount "96"]
[EventDate "2016.04.30"]
[EventType "swiss"]
[EventRounds "9"]
[EventCountry "AUT"]
[SourceTitle "CBM 172 Extra"]
[Source "ChessBase"]
[SourceDate "2016.06.21"]
[SourceVersion "1"]
[SourceVersionDate "2016.06.21"]
[SourceQuality "1"]

1. b3 c5 2. Bb2 Nc6 3. e4 e5 4. Nf3 d6 5. Bc4 Be6 6. 0-0 Bxc4 7. bxc4 Qb6 8. Bc3 Nf6 9. d3 Be7 10. Nbd2 0-0 11. Ng5 h6 12. Nh3 Nd4 13. f4 Qc7 14. Kh1 Qd7 15. Nf3 Ng4 16. Qd2 f5 17. Rae1 fxe4 18. Rxe4 Rae8 19. Nhg1 Nf6 20. Ree1 Nxf3 21. Nxf3 exf4 22. Qxf4 Nd5 23. Qd2 Nxc3 24. Qxc3 Bf6 25. Qd2 Rxe1 26. Rxe1 Re8 27. Rxe8+ Qxe8 28. Kg1 Qa4 29. c3 Qa3 30. d4 b6 31. Kf2 Kf7 32. g4 Qa6 33. Qe2 Qb7 34. h3 g6 35. Qc2 Qa6 36. Qe2 Qb7 37. Kg2 Qc6 38. h4 Qb7 39. h5 gxh5 40. gxh5 Kg7 41. Qd3 Qf7 42. Qf5 Be7 43. Qe4 Bg5 44. Qg4 Qf4 45. Qxf4 Bxf4 46. Kh3 Kf6 47. Kg4 Be3 48. a4 a6 1/2-1/2

[Event "Cesenatico op 14th"]
[Site "Cesenatico"]
[Date "2010.09.01"]
[Round "3"]
[White "Gerhard, Walter"]
[Black "Drei, Andrea"]
[Result "0-1"]
[WhiteElo "2001"]
[BlackElo "2240"]
[PlyCount "103"]
[EventDate "2010.08.30"]
[EventType "swiss"]
[EventRounds "9"]
[EventCountry "ITA"]
[SourceTitle "CBM 138 Extra"]
[Source "ChessBase"]
[SourceDate "2010.10.29"]
[SourceVersion "1"]
[SourceVersionDate "2010.10.29"]
[SourceQuality "1"]

1. b4 e5 2. Bb2 Bxb4 3. Bxe5 Nf6 4. e3 Nc6 5. Bb2 d5 6. Nf3 0-0 7. Be2 Re8 8. 0-0 h6 9. a3 Bd6 10. d4 Bf5 11. Nbd2 Ne4 12. c4 Nxd2 13. Qxd2 dxc4 14. Bxc4 Qe7 15. Qc3 Qf6 16. Rae1 Be4 17. Nd2 Qh4 18. g3 Qg5 19. f4 Qf6 20. Nxe4 Rxe4 21. Bd5 Ree8 22. Bg2 Bf8 23. e4 Rab8 24. e5 Qe7 25. Kh1 Nd8 26. f5 c6 27. Re4 Qd7 28. Rh4 Be7 29. f6 Bf8 30. Rhf4 g6 31. R4f2 Ne6 32. Rd2 Nc7 33. Rfd1 Nd5 34. Qf3 Rbd8 35. h4 h5 36. Kh2 Qg4 37. Qb3 Qd7 38. Bh3 Qc7 39. Qf3 Bh6 40. Rd3 Rf8 41. Rf1 Rfe8 42. Rf2 a6 43. Qe4 c5 44. dxc5 Qxc5 45. Bd4 Qc6 46. e6 Rd6 47. Be5 Qc5 48. Rdf3 Rdxe6 49. Bxe6 Rxe6 50. Rc2 Qb5 51. Qd4 Bf8 52. Rd3 0-1

[Event "Liechtenstein Seniors op 09th"]
[Site "Triesen"]
[Date "2009.05.22"]
[Round "8"]
[White "Gerhard, Walter"]
[Black "Hohler, Peter"]
[Result "1/2-1/2"]
[WhiteElo "2003"]
[BlackElo "2207"]
[PlyCount "81"]
[EventDate "2009.05.15"]
[EventType "swiss"]
[EventRounds "9"]
[EventCountry "LIE"]
[SourceTitle "CBM 130 Extra"]
[Source "ChessBase"]
[SourceDate "2009.07.02"]
[SourceVersion "2"]
[SourceVersionDate "2009.07.15"]
[SourceQuality "1"]

1. b4 e5 2. Bb2 f6 3. e4 d5 4. f4 exf4 5. exd5 Qxd5 6. Nf3 Bxb4 7. c4 Qd7 8. a3 Be7 9. Nc3 Nh6 10. Nd5 0-0 11. Nxf4 Bd6 12. Nd5 c6 13. Ne3 Ng4 14. Nxg4 Qxg4 15. Be2 Qh5 16. Kf2 Bg4 17. Qb3 Qf7 18. d4 c5 19. d5 Nd7 20. h3 Bxf3 21. Qxf3 Rae8 22. Rhe1 Ne5 23. Qb3 Re7 24. Bf3 Nxf3 25. Qxf3 Rfe8 26. Rxe7 Qxe7 27. Bc3 Qe4 28. Re1 Qxf3+ 29. Kxf3 Rxe1 30. Bxe1 Be5 31. g4 Kf7 32. Ke4 Ke7 33. Bf2 Kd6 34. h4 g6 35. h5 b6 36. hxg6 hxg6 37. a4 Kd7 38. Be3 Bd6 39. Bd2 Be5 40. Be3 Bd6 41. Bd2 1/2-1/2

[Event "Liechtenstein Seniors op 09th"]
[Site "Triesen"]
[Date "2009.05.21"]
[Round "7"]
[White "Weinberg, Emanuele"]
[Black "Gerhard, Walter"]
[Result "0-1"]
[WhiteElo "1885"]
[BlackElo "2003"]
[PlyCount "110"]
[EventDate "2009.05.15"]
[EventType "swiss"]
[EventRounds "9"]
[EventCountry "LIE"]
[SourceTitle "CBM 130 Extra"]
[Source "ChessBase"]
[SourceDate "2009.07.02"]
[SourceVersion "2"]
[SourceVersionDate "2009.07.15"]
[SourceQuality "1"]

1. d4 d5 2. Nf3 Nf6 3. g3 g6 4. Bg2 Bg7 5. 0-0 0-0 6. c4 c6 7. b3 Bf5 8. Nc3 Ne4 9. Bb2 Qa5 10. Qc1 Nd7 11. Nxe4 Bxe4 12. Nd2 Bxg2 13. Kxg2 Rac8 14. Nf3 Rfe8 15. Qf4 dxc4 16. bxc4 Qb4 17. Qc1 c5 18. Ne5 cxd4 19. Ba3 Qa4 20. Nxd7 Qxd7 21. Rb1 b6 22. Kg1 Rc7 23. c5 bxc5 24. Qc4 e5 25. Rb5 Bf8 26. Rc1 Rec8 27. Rcb1 Kg7 28. Rd1 Be7 29. e4 Qg4 30. Re1 h5 31. Kg2 Qd7 32. Rd1 h4 33. h3 Qc6 34. Re1 Qa6 35. Bc1 Qe6 36. Qxe6 fxe6 37. Bd2 hxg3 38. fxg3 Bd6 39. Ba5 Rf7 40. Reb1 c4 41. Rb7 Rcf8 42. R7b2 c3 43. Rc2 Rc8 44. Rd1 Ba3 45. Rd3 Bb2 46. Bb4 Rc6 47. Rd1 Ra6 48. a3 Rc6 49. Rd3 a6 50. Rd1 Ra7 51. Kf3 a5 52. Bxa5 Rxa5 53. Ke2 Rxa3 54. Kd3 Ra1 55. Rxa1 Bxa1 0-1